000 00956nam0a22002651 4500
001 RU\NLR\INFOCOMM_190\5000036046
005 20250613092526.0
035 _a(NLR Aleph) 009165999
090 _a8483326
_c8483326
100 _a20100210d1982 |||y0rusy50 ca
101 0 _aeng
102 _aRU
105 _aa ||||000|y
200 1 _aOrganization of management of river transport in the USSR
_eLecture [for] Advanced courses [of] UN
_fA. A. Bulov
_gMin. of river transport RSFSR. Leningrad water transport inst. Dep. of management of navigation
210 _aL.
_d1982
215 _a95 с.
_cсхем.
_d20 см
606 _aРечной транспорт
_xУправление
_yСССР
_2nlr_sh1
686 _aУ37(2)45-21
_2rubbk
700 1 _9z01790
_aBulov
_bA. A.
_gAnatolij Andreevič
_4070
790 1 _9z01700
_aBulov
_bA. A.
_4070
801 1 _aRU
_bNLR
_c20100210
801 0 _aRU
_bNLR
_gPSBO
852 _aNLR
_jЭк61 Д-4/37
942 _cBOOK
980 _aNB